| 000 | 003470000a22001570004500 | ||
|---|---|---|---|
| 001 | 003606 | ||
| 003 | MACL | ||
| 040 | _aMACL | ||
| 090 |
_c15599 _d15598 |
||
| 100 | _aChakrabarty, Mahua | ||
| 245 |
_aHistory of Indian Museums _cMahua Chakrabarty |
||
| 260 |
_aClassique Books, _c2004 |
||
| 350 | _a400 | ||
| 650 | _aMuseology | ||
| 942 |
_k70 _cBook |
||
| 999 |
_c15504 _d15504 |
||